Guess the Sabrina Carpenter song (no hints) #3 - Statistics

General Stats
  • This quiz has been taken 197 times
  • The average score is 118 of 215
Answer Stats
Lyrics % Correct
I
97%
a
93%
A
93%
you
91%
the
80%
The
80%
do?
78%
he
77%
me
77%
and
76%
And
76%
be
75%
love
73%
I'm
70%
on
69%
to
69%
my
67%
that
67%
Oh,
66%
in
65%
like
64%
it's
63%
It's
63%
know
63%
If
61%
have
60%
not
60%
are
59%
are"
59%
boy
59%
this
59%
This
59%
am
58%
Then
58%
"they
58%
just
57%
Just
57%
one
57%
All
56%
all
56%
Can't
56%
can't
56%
girl
53%
I'll
53%
"there,"
53%
up
53%
good
51%
he's
50%
his
50%
Guess
49%
guess
49%
life
49%
"their"
47%
their
47%
pickings
46%
slim
46%
what's
46%
some
44%
who's
44%
alone
43%
between
43%
difference
43%
even
43%
kind
43%
right
43%
they're
43%
doesn't
42%
get
42%
kissin'
42%
ones
42%
room
42%
These
42%
end
41%
find
41%
here
41%
keep
41%
naked
41%
or
41%
save
41%
dramatic
40%
jacked
40%
through
40%
call
39%
phone
39%
Since
39%
since
39%
bitchin'
38%
taken
38%
gay
37%
isn't
37%
thoughts
37%
Yet
37%
'em
36%
exes
36%
moanin'
36%
Moanin'
36%
nice
36%
Play
36%
Servin'
36%
forgot
35%
Jesus,
35%
kitchen
35%
Lord
35%
seen
35%
losin'
34%
machine
34%
pass
34%
swear
34%
winnin',
34%
ass
33%
knows
33%
awakenin'
32%
deceased
32%
large
32%
livin'
32%
nowhere
32%
slot
32%
things
32%
God
31%
Missin'
31%
missin'
31%
wasted
31%
breathes
30%
douchebags
30%
fixings
26%
No matching quizzes found
Score Distribution
Percent of People with Each Score
Percentile by Number Answered
Your Score History
You have not taken this quiz